000 01308cam a22003617a 4500
003 CHAP
005 20220817043654.0
008 000522d1999 mx a r 00110 spa d
010 _a81215
011 _a82187
035 _a92674
040 _cCHAP
090 _aTesis
100 0 0 _aRocha González, Vicente.
_998183
245 1 0 _aEtiología y síndrome del cancro Cytospora en estacas de álamo (Populus deltoides Bartr. ex. Marsh) y sauce llorón (Salix babylonica L.)
_c/por Vicente Rocha González
260 _aChapingo, Méx. :
_bEl autor,
_c1999.
300 _a85 h. :
_bilus. ; cuadros ; gráfs.
502 _aTesis (Ing. Forestal) -- UACH. División de Ciencias Forestales
590 _aALEPH
_b10
_c20130110
_lUCH01
_h1435
590 _aBATCH-UPD
_b10
_c20130110
_lUCH01
_h0532
590 _aBATCH-UPD
_b10
_c20130110
_lUCH01
_h2351
590 _aBATCH-UPD
_b10
_c20130410
_lUCH01
_h1638
590 _aBATCH-UPD
_b10
_c20130914
_lUCH01
_h1134
590 _aCONVERSION
_b10
_c20130109
_lUCH01
_h1345
650 1 4 _aCytospora.
_930821
650 1 4 _aPopulus deltoides.
_990920
650 1 4 _aSauce
_xEnfermedades.
901 _aBK
905 _aAlejandra Carrasco M.
942 _cFOLL
949 _bBC
_cTES
_d33724000760641
_eTS2
_fc.2
_h36330
_i92674
_si
949 _bBC
_cTES
_d926741
_eTS1
_h36329
_i92674
_sb
999 _c81215
_d81215